'July' in European languages Quiz Stats

 Plays Quiz not verified by Sporcle

Support Sporcle.
Go Orange.
Score 0/29 Timer 05:00
0 Plays Today
% Correct
juillet
82.7%
July
80.8%
июль
75%
julio
74%
heinäkuu
70.2%
Iούλιος
68.3%
julho
65.4%
Juli
63.5%
luglio
63.5%
temmuz
55.8%
lipiec
54.8%
iulie
52.9%
jūlijs
51%
липень
50%
červenec
49%
% Correct
srpanj
46.2%
júlí
43.3%
Iúil
43.3%
juuli
41.3%
ліпень
39.4%
юли
37.5%
liepa
35.6%
јули
35.6%
korrik
33.7%
július
31.7%
juliol
31.7%
julij
26.9%
júl
26%
Lulju
24%

You're not logged in!

Compare scores with friends on all Sporcle quizzes.
OR
Log In

From the Vault

A-Z Flag Minefield

by ceciliacarlid

If you're on Sporcle enough, you can hopefully identify Kyrgyzstan's flag by now.
Remove Ads.
Support Sporcle.
Get the best of Sporcle when you Go Orange. This ad-free experience offers more features, more stats, and more fun while also helping to support Sporcle. Thank you for becoming a member.

Show Comments

Extras

Top Quizzes Today


Score Distribution

Your Account Isn't Verified!

In order to create a playlist on Sporcle, you need to verify the email address you used during registration. Go to your Sporcle Settings to finish the process.

Report this User

Report this user for behavior that violates our Community Guidelines.

Details: